Methodological Errors of Defining the Thermophysical Characteristics of Materials Using the Laser Pulse Method at High Temperatures; Measurement Techniques; Vol. 60, iss. 10

Detalles Bibliográficos
Parent link:Measurement Techniques
Vol. 60, iss. 10.— 2018.— [P. 1032-1037]
Autor principal: Kuznetsov G. V. Geny Vladimirovich
Autores Corporativos: Национальный исследовательский Томский политехнический университет (ТПУ) Энергетический институт (ЭНИН) Кафедра теоретической и промышленной теплотехники (ТПТ), Национальный исследовательский Томский политехнический университет Инженерная школа энергетики Научно-образовательный центр И. Н. Бутакова (НОЦ И. Н. Бутакова)
Otros Autores: Kats M. D. Mark Davydovich
Sumario:Title screen
Methodological errors of defining the thermophysical characteristics of construction materials have been evaluated. Methodological errors are caused by heat exchange of a sample with the environment in conditions corresponding to execution of the laser pulse method at high temperatures. Analysis was done of the effect on methodological errors of heat exchange (as a result of natural convection) with the environment. It has been shown that the laser pulse method can be used to determine thermal diffusivity and thermal capacity of highly heat-conductive wire materials (metals and alloys) at temperatures to 1173 K.
Режим доступа: по договору с организацией-держателем ресурса
Lenguaje:inglés
Publicado: 2018
Materias:
Acceso en línea:https://doi.org/10.1007/s11018-018-1314-8
Formato: Electrónico Capítulo de libro
KOHA link:https://koha.lib.tpu.ru/cgi-bin/koha/opac-detail.pl?biblionumber=657615

MARC

LEADER 00000naa0a2200000 4500
001 657615
005 20250122165629.0
035 |a (RuTPU)RU\TPU\network\24193 
035 |a RU\TPU\network\22938 
090 |a 657615 
100 |a 20180227d2018 k||y0engy50 ba 
101 1 |a eng 
102 |a US 
135 |a drcn ---uucaa 
181 0 |a i  
182 0 |a b 
200 1 |a Methodological Errors of Defining the Thermophysical Characteristics of Materials Using the Laser Pulse Method at High Temperatures  |f G. V. Kuznetsov, M. D. Kats 
203 |a Text  |c electronic 
300 |a Title screen 
320 |a [References: p. 1037 (17 tit.)] 
330 |a Methodological errors of defining the thermophysical characteristics of construction materials have been evaluated. Methodological errors are caused by heat exchange of a sample with the environment in conditions corresponding to execution of the laser pulse method at high temperatures. Analysis was done of the effect on methodological errors of heat exchange (as a result of natural convection) with the environment. It has been shown that the laser pulse method can be used to determine thermal diffusivity and thermal capacity of highly heat-conductive wire materials (metals and alloys) at temperatures to 1173 K. 
333 |a Режим доступа: по договору с организацией-держателем ресурса 
461 |t Measurement Techniques 
463 |t Vol. 60, iss. 10  |v [P. 1032-1037]  |d 2018 
610 1 |a труды учёных ТПУ 
610 1 |a электронный ресурс 
610 1 |a теплофизические характеристики 
610 1 |a лазерные импульсы 
610 1 |a высокие температуры 
610 1 |a конвективный теплообмен 
700 1 |a Kuznetsov  |b G. V.  |c Specialist in the field of heat power energy  |c Professor of Tomsk Polytechnic University, Doctor of Physical and Mathematical Sciences  |f 1949-  |g Geny Vladimirovich  |3 (RuTPU)RU\TPU\pers\31891  |9 15963 
701 1 |a Kats  |b M. D.  |c specialist in the field of power engineering  |c Associate Professor of Tomsk Polytechnic University, Candidate of physical and mathematical sciences  |f 1947-  |g Mark Davydovich  |3 (RuTPU)RU\TPU\pers\35122  |9 18397 
712 0 2 |a Национальный исследовательский Томский политехнический университет (ТПУ)  |b Энергетический институт (ЭНИН)  |b Кафедра теоретической и промышленной теплотехники (ТПТ)  |3 (RuTPU)RU\TPU\col\18679 
712 0 2 |a Национальный исследовательский Томский политехнический университет  |b Инженерная школа энергетики  |b Научно-образовательный центр И. Н. Бутакова (НОЦ И. Н. Бутакова)  |3 (RuTPU)RU\TPU\col\23504 
801 2 |a RU  |b 63413507  |c 20180227  |g RCR 
856 4 |u https://doi.org/10.1007/s11018-018-1314-8 
942 |c CF